English knowhow : Student book and tests 2

Gespeichert in:
Bibliographische Detailangaben
1. Verfasser: Naber, Therese
Format: Buch
Sprache:Undetermined
Veröffentlicht: Oxford Oxford university press 2004
Schlagworte:
Tags: Tag hinzufügen
Keine Tags, Fügen Sie den ersten Tag hinzu!
Thư viện lưu trữ: Trung tâm Học liệu Trường Đại học Cần Thơ
LEADER 00589nam a2200217Ia 4500
001 CTU_100697
008 210402s9999 xx 000 0 und d
020 |c 209500 
082 |a 428.24 
082 |b N115/CD.2 
100 |a Naber, Therese 
245 0 |a English knowhow : 
245 0 |b Student book and tests 2 
245 0 |c Therese Naber, Angela Blackwell 
260 |a Oxford 
260 |b Oxford university press 
260 |c 2004 
650 |a English language 
650 |x Study and teaching 
904 |a Vương 
980 |a Trung tâm Học liệu Trường Đại học Cần Thơ